| 000 | 00375nam a22001337a 4500 | ||
|---|---|---|---|
| 999 |
_c3962 _d3962 |
||
| 008 | 200708b ||||| |||| 00| 0 eng d | ||
| 082 | 0 | 0 |
_a533.7 _bJ438 |
| 100 |
_91971 _aJeans, James. |
||
| 245 | 1 | 0 |
_aAn introduction to the kinetic theory of gases _cby James. Jeans |
| 260 |
_aCambridge _bCambridge University Press _c1952 |
||
| 300 | _a311p. | ||
| 365 | _d14.00 | ||
| 942 | _cBK | ||